| 000 | 00433nam a2200181Ia 4500 | ||
|---|---|---|---|
| 005 | 20250603145036.0 | ||
| 008 | 250603s9999 xx 000 0 und d | ||
| 020 | _a9780293248 | ||
| 050 | _aHF 1410 .K46/ | ||
| 100 | _aKhor, Martin | ||
| 245 | 0 | _aGlobalization and the South : some critical issues | |
| 260 | _aIbadan | ||
| 260 | _bSpectrum Books Ltd | ||
| 260 | _c2000 | ||
| 300 | _a109 p | ||
| 650 | _aIbadan | ||
| 942 | _cBK | ||
| 999 |
_c40700 _d40700 |
||